000 00644nam a2200205Ia 4500
008 130821s1998 sp gr spa
020 _a844930508X
040 _aCo-BoUCM
_bspa
041 0 0 _aspa
100 1 _aMaldonado, Tom S
_9157037
245 1 0 _aQué es un intelectual Aventuras y desventuras de un rol
_cTom s Maldonado
260 _aBarcelona (España)
_bPaidós
_c1998
300 _a130 páginas
490 _aPaidós Studio
504 _aIncluye bibliografía e índice
650 0 4 _aIntelectuales
_917841
650 0 4 _aSociología
_9386
942 _cLIBRO
_a5
_e1
_mM15
_2DEWEY
_h305.552
999 _c24444
_d24444